00740 2200253 4500001002100000005001700021008004100038020002200079035002400101041000800125043001300133082001000146090002100156100002000177245011200197250001100309260003500320300002200355504001500377650002900392700003200421850001200453999002100465YOGYA-0711000000066920110714075722.0 ind  a978-979-698-297-4 0010-071100000000669 aInd aYOPD DIY a362.5 aDEP 362.5bSri P aSRI PRASTYOWATI aPelayanan gelandangan psikotik di era otonomi daerahcSri Prastyowati ; editor, C. Elly Kumari Tjahja Putri aCet. 1 aYogyakartabB2P3KS Pressc2011 aVI, 58 hlmc21 cm ahlm. 57-58 aGelandangan - penelitian aPutri, C. Elly Kumari Cahya aYOPDYOG aCB-D.11-2011-389